[Event "Rhein Main op-B 21st"]
[Site "Bad Homburg"]
[Date "2018.06.02"]
[Round "5"]
[White "Meyer, Marcel"]
[Black "Willenbring, Jens Dirk"]
[Result "1-0"]
[WhiteElo "1775"]
[BlackElo "1628"]
[PlyCount "69"]
[EventDate "2018.05.30"]
[EventType "swiss"]
[EventRounds "7"]
[EventCountry "GER"]
[SourceTitle "EXT 2019"]
[Source "ChessBase"]
[SourceDate "2018.10.10"]
[SourceVersion "1"]
[SourceVersionDate "2018.10.10"]
[SourceQuality "1"]

1. d4 d5 2. c4 e6 3. Nc3 Nf6 4. cxd5 Nxd5 5. e4 Nxc3 6. bxc3 b6 7. Nf3 Bb7 8. Bd3 c5 9. 0-0 cxd4 10. cxd4 Be7 11. Bb5+ Bc6 12. Bxc6+ Nxc6 13. Qa4 Qd7 14. Rd1 Ne5 15. Qxd7+ Nxd7 16. Bf4 0-0 17. Rac1 Rac8 18. Kf1 h6 19. Ke2 g5 20. Rxc8 Rxc8 21. Rc1 Rxc1 22. Bxc1 f6 23. Kd3 e5 24. dxe5 Nxe5+ 25. Nxe5 fxe5 26. Kc4 Kf7 27. Kd5 Bc5 28. Be3 Bxe3 29. fxe3 Kf6 30. g4 b5 31. Kc5 b4 32. Kxb4 Ke6 33. Kc5 a6 34. a3 a5 35. a4 1-0

[Event "Rhein Main op-B 21st"]
[Site "Bad Homburg"]
[Date "2018.05.31"]
[Round "3"]
[White "Willenbring, Jens Dirk"]
[Black "Peschk, Kathrin"]
[Result "1-0"]
[WhiteElo "1628"]
[BlackElo "1339"]
[PlyCount "127"]
[EventDate "2018.05.30"]
[EventType "swiss"]
[EventRounds "7"]
[EventCountry "GER"]
[SourceTitle "EXT 2019"]
[Source "ChessBase"]
[SourceDate "2018.10.10"]
[SourceVersion "1"]
[SourceVersionDate "2018.10.10"]
[SourceQuality "1"]

1. e4 d5 2. exd5 Nf6 3. Nc3 Nxd5 4. Bc4 Nxc3 5. bxc3 e6 6. Nf3 Bd6 7. 0-0 0-0 8. d4 Nc6 9. Re1 b6 10. Bd3 Bb7 11. Ng5 g6 12. Qg4 h5 13. Qe2 Qd7 14. Ne4 Qd8 15. Bh6 Re8 16. Qf3 f5 17. Nxd6 Qxd6 18. Bf4 Qd7 19. Qg3 Qf7 20. Be2 Qg7 21. Bc4 Kh7 22. Bxe6 Re7 23. Bg5 Ree8 24. Bd5 Qd7 25. Bc4 Na5 26. Bd3 Qc6 27. Re3 Rxe3 28. Bxe3 Qxc3 29. Rc1 Qc6 30. Qg5 Re8 31. Re1 f4 32. Bd2 Rxe1+ 33. Bxe1 Qe6 34. Bd2 Qg4 35. Bxg6+ Kg7 36. Qxg4 hxg4 37. Bf5 g3 38. Bxf4 gxh2+ 39. Kxh2 Bd5 40. Bxc7 Bxa2 41. Bd3 Nc6 42. Be5+ Kf7 43. f4 Nb4 44. Be4 a5 45. Bc7 Bd5 46. Bd3 a4 47. Bd6 Nxd3 48. cxd3 b5 49. g4 Be6 50. Kg3 Bd7 51. Kf3 Ke6 52. Bc5 Bc6+ 53. Ke3 Kf6 54. Bb4 Bd5 55. Kd2 Be6 56. g5+ Kf5 57. Bd6 Bd5 58. Kc3 Bc6 59. Kb4 Kg6 60. Be5 Kf5 61. Kc5 Be8 62. d5 Bd7 63. Kd6 Bc8 64. Kc7 1-0

[Event "Rhein Main op-B 19th"]
[Site "Bad Homburg"]
[Date "2016.05.28"]
[Round "6"]
[White "Giebitz, Walter"]
[Black "Willenbring, Jens Dirk"]
[Result "1-0"]
[WhiteElo "1475"]
[BlackElo "1716"]
[PlyCount "97"]
[EventDate "2016.05.25"]
[EventType "swiss"]
[EventRounds "7"]
[EventCountry "GER"]
[SourceTitle "EXT 2017"]
[Source "ChessBase"]
[SourceDate "2016.10.25"]
[SourceVersion "1"]
[SourceVersionDate "2016.10.25"]
[SourceQuality "1"]

1. e4 c5 2. Nc3 Nc6 3. Nf3 e6 4. Bb5 a6 5. Be2 Be7 6. 0-0 Nf6 7. d3 0-0 8. h3 d6 9. Bf4 e5 10. Be3 Nd4 11. Qd2 Nxe2+ 12. Nxe2 b5 13. Nh2 Bb7 14. f4 Nd7 15. fxe5 Nxe5 16. Nf3 Nxf3+ 17. Rxf3 d5 18. exd5 Bxd5 19. Rg3 c4 20. Nf4 Bd6 21. Rg4 Bxf4 22. Bxf4 Be6 23. Rg3 cxd3 24. Bh6 g6 25. Bxf8 Kxf8 26. Qh6+ Kg8 27. Rxd3 Qb6+ 28. Qe3 Qc6 29. c3 Re8 30. Re1 Bd7 31. Qf2 Be6 32. a3 Rc8 33. Qd2 Qc5+ 34. Kh1 Qc6 35. Rd8+ Rxd8 36. Qxd8+ Kg7 37. Re3 Bd5 38. Re2 Qc4 39. Rf2 Qe4 40. Qf6+ Kg8 41. Qd4 Qe1+ 42. Kh2 Bc4 43. Rd2 Qf1 44. Rf2 Qe1 45. Qf4 a5 46. Rd2 Qe7 47. Qd6 Qe4 48. Qf6 Bd5 49. Qd8+ 1-0

[Event "Rhein Main op-B 19th"]
[Site "Bad Homburg"]
[Date "2016.05.26"]
[Round "2"]
[White "Hinrichs, Paul"]
[Black "Willenbring, Jens Dirk"]
[Result "1-0"]
[WhiteElo "1795"]
[BlackElo "1716"]
[PlyCount "75"]
[EventDate "2016.05.25"]
[EventType "swiss"]
[EventRounds "7"]
[EventCountry "GER"]
[SourceTitle "EXT 2017"]
[Source "ChessBase"]
[SourceDate "2016.10.25"]
[SourceVersion "1"]
[SourceVersionDate "2016.10.25"]
[SourceQuality "1"]

1. d4 d5 2. c4 Nf6 3. cxd5 Qxd5 4. Nc3 Qd8 5. e4 e6 6. Bg5 Be7 7. Nf3 h6 8. Bf4 0-0 9. Bd3 a6 10. 0-0 Nc6 11. Bg3 Nh5 12. d5 Nxg3 13. hxg3 exd5 14. Nxd5 Be6 15. Rc1 Bd6 16. Bb1 Ne5 17. Ne3 Nxf3+ 18. gxf3 Rc8 19. Qc2 g6 20. Rfd1 Qg5 21. Kg2 Bxg3 22. fxg3 Qxe3 23. Rd3 Qg5 24. f4 Qe7 25. Re1 Rfd8 26. Rde3 Qd6 27. R3e2 Bg4 28. Rf2 Rd7 29. f5 gxf5 30. exf5 Qd5+ 31. Kh2 f6 32. Re6 Kg7 33. Qc3 Rf8 34. Be4 Qd4 35. Qxd4 Rxd4 36. Bxb7 Ra4 37. Rxa6 Rxa6 38. Bxa6 1-0

[Event "Hessen-ch op-B"]
[Site "Frankfurt Sossenheim"]
[Date "2015.??.??"]
[Round "5"]
[White "Sciurti, Domenico"]
[Black "Willenbring, Jens Dirk"]
[Result "1/2-1/2"]
[WhiteElo "1583"]
[BlackElo "1753"]
[PlyCount "83"]
[EventDate "2015.05.13"]
[EventType "swiss"]
[EventRounds "7"]
[EventCountry "GER"]
[SourceTitle "EXT 2016"]
[Source "ChessBase"]
[SourceDate "2015.10.08"]
[SourceVersion "1"]
[SourceVersionDate "2015.10.08"]
[SourceQuality "1"]

1. d4 d5 2. Bf4 Nf6 3. e3 e6 4. Nd2 Bd6 5. Bg3 Bxg3 6. hxg3 Nc6 7. f4 Ne7 8. g4 h6 9. Bd3 Qd6 10. g5 Nfg8 11. Ngf3 Nc6 12. c3 Bd7 13. Bb5 f6 14. Qc2 0-0-0 15. 0-0-0 a6 16. Be2 Qf8 17. Nb3 Nge7 18. Nc5 Nb8 19. Qb3 b6 20. Nxa6 Nxa6 21. Bxa6+ Kb8 22. a4 Ka7 23. Bb5 Nc6 24. Bxc6 Bxc6 25. Qc2 Kb7 26. b4 Ra8 27. b5 Bd7 28. Kd2 c6 29. c4 Qb4+ 30. Qc3 Rxa4 31. Qxb4 Rxb4 32. bxc6+ Bxc6 33. c5 bxc5 34. Rb1 Kb6 35. dxc5+ Kxc5 36. Rxb4 Kxb4 37. gxf6 gxf6 38. Rc1 Ba8 39. Ke2 Rg8 40. Kf2 h5 41. g3 Re8 42. Rh1 1/2-1/2

[Event "Hessen-ch op-B"]
[Site "Frankfurt Sossenheim"]
[Date "2015.??.??"]
[Round "1"]
[White "Willenbring, Jens Dirk"]
[Black "Pyshny, Anton"]
[Result "1/2-1/2"]
[WhiteElo "1753"]
[BlackElo "1287"]
[PlyCount "53"]
[EventDate "2015.05.13"]
[EventType "swiss"]
[EventRounds "7"]
[EventCountry "GER"]
[SourceTitle "EXT 2016"]
[Source "ChessBase"]
[SourceDate "2015.10.08"]
[SourceVersion "1"]
[SourceVersionDate "2015.10.08"]
[SourceQuality "1"]

1. d4 d5 2. c4 c6 3. Nc3 Nf6 4. Nf3 Bf5 5. e3 e6 6. Be2 Be7 7. 0-0 0-0 8. Ne5 Nbd7 9. f4 Nxe5 10. fxe5 Ne4 11. Nxe4 Bxe4 12. c5 b5 13. Bd3 Bxd3 14. Qxd3 a5 15. Bd2 a4 16. Rf3 f5 17. Rh3 Qe8 18. Qe2 g5 19. Rf3 g4 20. Rff1 Qg6 21. g3 h5 22. Kg2 h4 23. a3 h3+ 24. Kg1 Kg7 25. Qd3 Bg5 26. Rae1 Ra7 27. Kh1 1/2-1/2

[Event "Heusenstamm Schloss op 1st"]
[Site "Heusenstamm"]
[Date "2014.11.23"]
[Round "7"]
[White "Willenbring, Jens Dirk"]
[Black "Modanese, Augusto"]
[Result "0-1"]
[WhiteElo "1577"]
[BlackElo "1875"]
[PlyCount "82"]
[EventDate "2014.11.20"]
[EventType "swiss"]
[EventRounds "7"]
[EventCountry "GER"]
[SourceTitle "CBM 163 Extra"]
[Source "ChessBase"]
[SourceDate "2014.12.23"]
[SourceVersion "1"]
[SourceVersionDate "2014.12.23"]
[SourceQuality "1"]

1. d4 Nf6 2. Nf3 e6 3. g3 d5 4. Bg2 Be7 5. 0-0 0-0 6. c3 b6 7. Bg5 Nbd7 8. Nbd2 h6 9. Bxf6 Nxf6 10. Ne5 Bb7 11. Re1 c5 12. e3 cxd4 13. exd4 b5 14. a3 a5 15. Nd3 Qb6 16. b4 Nd7 17. Qb3 Qc7 18. Nc5 Nxc5 19. bxc5 Bc6 20. Qc2 Qd7 21. Reb1 Bd8 22. Nf3 Bc7 23. Bf1 Rab8 24. Rb2 e5 25. Re1 e4 26. Nh4 f5 27. Ng2 f4 28. Nxf4 Bxf4 29. gxf4 Qg4+ 30. Bg2 Qxf4 31. Qd2 Qxd2 32. Rxd2 b4 33. axb4 axb4 34. cxb4 Rxb4 35. Bh3 Rb3 36. Re3 Rb1+ 37. Kg2 Rf6 38. Rg3 Bb5 39. Re3 Rg6+ 40. Bg4 Rxg4+ 41. Kh3 Rg5 0-1

[Event "Heusenstamm Schloss op 1st"]
[Site "Heusenstamm"]
[Date "2014.11.21"]
[Round "2"]
[White "Willenbring, Jens Dirk"]
[Black "Weiland, Thomas"]
[Result "0-1"]
[WhiteElo "1577"]
[BlackElo "1847"]
[PlyCount "82"]
[EventDate "2014.11.20"]
[EventType "swiss"]
[EventRounds "7"]
[EventCountry "GER"]
[SourceTitle "CBM 163 Extra"]
[Source "ChessBase"]
[SourceDate "2014.12.23"]
[SourceVersion "1"]
[SourceVersionDate "2014.12.23"]
[SourceQuality "1"]

1. d4 f5 2. Nf3 Nf6 3. g3 g6 4. Bg2 Bg7 5. 0-0 0-0 6. c4 d6 7. b3 Qe8 8. Bb2 c6 9. Nbd2 Nbd7 10. Re1 e5 11. dxe5 dxe5 12. Qc2 e4 13. Nd4 e3 14. Nf1 exf2+ 15. Kxf2 Ng4+ 16. Kg1 Ne3 17. Qd3 Nxg2 18. Kxg2 f4 19. Qd2 Qe4+ 20. Nf3 Bxb2 21. Qxb2 c5 22. Qd2 Nb6 23. Qd3 Qc6 24. Rad1 fxg3 25. Nxg3 Bg4 26. Rf1 Rae8 27. Qd6 Qc8 28. Ng1 Nd7 29. Rxf8+ Rxf8 30. h3 Rf6 31. Qe7 Qc6+ 32. Qe4 Be6 33. Qxc6 bxc6 34. Rd6 Bxh3+ 35. Nxh3 Rxd6 36. Ne4 Rd1 37. Kf2 Ra1 38. a4 h6 39. Nf4 Kf7 40. Nd6+ Kf6 41. e4 Ke5 0-1

[Event "Frankfurt-chA"]
[Site "Frankfurt"]
[Date "2013.06.03"]
[Round "5"]
[White "Willenbring, Jens Dirk"]
[Black "Lessmann, Sven"]
[Result "1-0"]
[WhiteElo "1551"]
[BlackElo "1673"]
[PlyCount "148"]
[EventDate "2013.04.29"]
[EventType "swiss"]
[EventRounds "7"]
[EventCountry "GER"]
[SourceTitle "EXT 2014"]
[Source "ChessBase"]
[SourceDate "2013.11.20"]
[SourceVersion "1"]
[SourceVersionDate "2013.11.20"]
[SourceQuality "1"]

1. e4 d6 2. Bc4 Nf6 3. Nc3 e5 4. d3 g6 5. Bg5 Bg7 6. Nd5 Nbd7 7. Qd2 c6 8. Nxf6+ Nxf6 9. f4 0-0 10. fxe5 dxe5 11. Nf3 Re8 12. 0-0-0 b5 13. Bb3 a5 14. a3 Qd6 15. Kb1 Be6 16. Bxe6 Qxe6 17. Be3 Red8 18. Qc3 Ng4 19. Bg1 b4 20. Qb3 Qxb3 21. cxb3 bxa3 22. bxa3 Rdb8 23. Kc2 Bf8 24. h3 Nf6 25. Nxe5 Bxa3 26. Nc4 Bb4 27. Bd4 Nd7 28. Ra1 Nf8 29. Rhf1 Ne6 30. Be3 Rb5 31. d4 Rd8 32. Rad1 Ng5 33. Bxg5 Rxg5 34. g4 h5 35. Ne5 Re8 36. Nxf7 Rb5 37. Ne5 hxg4 38. hxg4 Rexe5 39. dxe5 Rxe5 40. Rd8+ Kg7 41. Rd7+ Be7 42. Kd3 Kh6 43. Kd4 Re6 44. Rf7 Bb4 45. e5 Kg5 46. Ke4 Kxg4 47. Rf6 Rxf6 48. exf6 Kg5 49. f7 Kf6 50. Kf4 Be7 51. Ra7 Kxf7 52. Rxa5 Kf6 53. Ra6 Bd6+ 54. Ke4 Ke6 55. Rxc6 g5 56. Kf3 Kd5 57. Rc2 Ke6 58. Kg4 Bf4 59. b4 Kd7 60. Kf5 Kd6 61. b5 Kd5 62. b6 Kd6 63. b7 Kd7 64. Rc4 Bb8 65. Kxg5 Bc7 66. Kf5 Kd6 67. Ke4 Kd7 68. Kd5 Kd8 69. Kc6 Bg3 70. Rd4+ Ke8 71. Rg4 Bh2 72. Rg8+ Kf7 73. Rc8 Ke7 74. Rc7+ Kd8 1-0

[Event "Frankfurt-chA"]
[Site "Frankfurt"]
[Date "2013.05.06"]
[Round "2"]
[White "Kretner, Georg Ulrich"]
[Black "Willenbring, Jens Dirk"]
[Result "1-0"]
[WhiteElo "1883"]
[BlackElo "1551"]
[PlyCount "177"]
[EventDate "2013.04.29"]
[EventType "swiss"]
[EventRounds "7"]
[EventCountry "GER"]
[SourceTitle "EXT 2014"]
[Source "ChessBase"]
[SourceDate "2013.11.20"]
[SourceVersion "1"]
[SourceVersionDate "2013.11.20"]
[SourceQuality "1"]

1. d4 d5 2. c4 Nf6 3. Nf3 e6 4. Bg5 Be7 5. Nc3 0-0 6. Qc2 Ne8 7. Bxe7 Qxe7 8. cxd5 exd5 9. Nxd5 Qd6 10. Nc3 Nc6 11. e3 a6 12. Be2 Nf6 13. 0-0 Bg4 14. a3 Rfe8 15. Rad1 Ne7 16. e4 Qf4 17. Qd2 Qxd2 18. Rxd2 c6 19. Bc4 Bxf3 20. gxf3 Rad8 21. Rfd1 Ng6 22. d5 Ne5 23. Be2 cxd5 24. Nxd5 Nxd5 25. Rxd5 Rxd5 26. Rxd5 Nc6 27. Rd7 b5 28. Rd6 Rc8 29. f4 f6 30. Bg4 Rc7 31. Be6+ Kf8 32. Bd5 Nd4 33. Rxa6 Ne2+ 34. Kg2 Nxf4+ 35. Kf3 Nxd5 36. exd5 Rb7 37. Ke4 Ke7 38. Kd4 Kd7 39. Rc6 f5 40. Kc5 g5 41. Rd6+ Kc8 42. Rf6 Re7 43. Rxf5 Re2 44. b4 Ra2 45. Kxb5 Rxa3 46. Rf8+ Kd7 47. Rf7+ Kd6 48. Rxh7 Kxd5 49. Rh5 Rf3 50. Rxg5+ Kd6 51. Rg2 Rf5+ 52. Ka6 Kc6 53. h4 Rf4 54. b5+ Kc7 55. b6+ Kc6 56. Rg6+ Kc5 57. Rg5+ Kc6 58. b7 Ra4+ 59. Ra5 Rb4 60. Ra3 Rb6+ 61. Ka5 Rxb7 62. Rc3+ Kd6 63. Rf3 Kc5 64. Rf5+ Kd4 65. f3 Ke3 66. h5 Rh7 67. Kb5 Kf2 68. Kc5 Kg3 69. Kd5 Rh6 70. Ke5 Ra6 71. f4 Kh4 72. Rg5 Ra5+ 73. Kf6 Ra6+ 74. Kf5 Ra5+ 75. Kf6 Ra6+ 76. Kg7 Ra7+ 77. Kh6 Ra6+ 78. Rg6 Ra5 79. Rg1 Rxh5+ 80. Kg6 Ra5 81. f5 Ra8 82. Rh1+ Kg4 83. f6 Ra6 84. Kg7 Kf5 85. Rf1+ Kg5 86. f7 Rg6+ 87. Kf8 Re6 88. Rg1+ Kf6 89. Kg8 1-0

[Event "Frankfurt-chA"]
[Site "Frankfurt"]
[Date "2012.05.14"]
[Round "3"]
[White "Plattner, Rolf"]
[Black "Willenbring, Jens Dirk"]
[Result "1/2-1/2"]
[WhiteElo "1680"]
[BlackElo "1522"]
[PlyCount "105"]
[EventDate "2012.04.30"]
[EventType "swiss"]
[EventRounds "7"]
[EventCountry "GER"]
[SourceTitle "EXT 2013"]
[Source "ChessBase"]
[SourceDate "2012.11.22"]
[SourceVersion "1"]
[SourceVersionDate "2012.11.22"]
[SourceQuality "1"]

1. e4 c6 2. d4 d5 3. e5 Bf5 4. g4 Be6 5. Bg2 Qb6 6. Nc3 h5 7. h3 hxg4 8. hxg4 Rxh1 9. Bxh1 g6 10. f4 Na6 11. Bf3 Nc7 12. Na4 Qa5+ 13. c3 Na6 14. Be3 Qc7 15. Nh3 b5 16. Nc5 Nxc5 17. dxc5 Nh6 18. Nf2 Bd7 19. Qd2 Qc8 20. f5 Ng8 21. fxg6 fxg6 22. Qd3 Be6 23. Qxg6+ Bf7 24. Qd3 e6 25. g5 Ne7 26. Ng4 Bg6 27. Nf6+ Kd8 28. Qe2 Nf5 29. Bf2 Kc7 30. Bh5 Ne7 31. Bxg6 Nxg6 32. Bg3 Bxc5 33. 0-0-0 Qa6 34. Kb1 Rh8 35. Qd3 Ne7 36. g6 Nf5 37. g7 Nxg7 38. Qg6 Bf8 39. Qf7+ Kc8 40. Bf2 Qb7 41. Qg6 Qe7 42. b4 Nf5 43. Bc5 Qd8 44. Bxa7 Be7 45. Qf7 Bxf6 46. Qxe6+ Qd7 47. Qxf6 Re8 48. Bc5 Qe6 49. Rf1 Ng3 50. Rf3 Ne4 51. Qxe6+ Rxe6 52. Rf8+ Kd7 53. Bd4 1/2-1/2

[Event "Frankfurt-ch"]
[Site "Frankfurt"]
[Date "2011.06.14"]
[Round "7"]
[White "Budde, Michael"]
[Black "Willenbring, Jens Dirk"]
[Result "1-0"]
[WhiteElo "1718"]
[BlackElo "1489"]
[PlyCount "52"]
[EventDate "2011.05.02"]
[EventType "swiss"]
[EventRounds "7"]
[EventCountry "GER"]
[SourceTitle "EXT 2012"]
[Source "ChessBase"]
[SourceDate "2011.11.24"]
[SourceVersion "1"]
[SourceVersionDate "2011.11.24"]
[SourceQuality "1"]

1. e4 c5 2. Nf3 Nc6 3. Bc4 e6 4. Nc3 Be7 5. d4 cxd4 6. Nxd4 Bf6 7. Ndb5 Bxc3+ 8. bxc3 d5 9. exd5 exd5 10. Bxd5 Nge7 11. Bxc6+ Nxc6 12. Nd6+ Kf8 13. 0-0 Be6 14. Ba3 Kg8 15. Nxb7 Qxd1 16. Rfxd1 g6 17. Nd6 Kg7 18. c4 Rhd8 19. c5 Kf8 20. c4 Rab8 21. Rab1 Na5 22. c6 Nxc4 23. Nxc4+ Ke8 24. Nd6+ Rxd6 25. Rxb8+ Ke7 26. Bxd6+ Kf6 1-0

[Event "Frankfurt-ch"]
[Site "Frankfurt"]
[Date "2011.05.30"]
[Round "5"]
[White "Willenbring, Jens Dirk"]
[Black "Lanz, Juergen"]
[Result "0-1"]
[WhiteElo "1489"]
[BlackElo "1564"]
[PlyCount "104"]
[EventDate "2011.05.02"]
[EventType "swiss"]
[EventRounds "7"]
[EventCountry "GER"]
[SourceTitle "EXT 2012"]
[Source "ChessBase"]
[SourceDate "2011.11.24"]
[SourceVersion "1"]
[SourceVersionDate "2011.11.24"]
[SourceQuality "1"]

1. e4 e5 2. Nf3 Nf6 3. Bc4 Nc6 4. 0-0 Bc5 5. c3 0-0 6. d3 h6 7. b4 Bb6 8. Qb3 Qe7 9. a4 a6 10. Ba3 d6 11. Nbd2 Be6 12. h3 Nh5 13. Qd1 Nf4 14. Bxe6 Qxe6 15. Nc4 Ba7 16. Bc1 Kh7 17. Be3 d5 18. Bxa7 dxc4 19. Be3 Nxd3 20. Ne1 Rad8 21. Qc2 Rd7 22. Rd1 Rfd8 23. Nxd3 Rxd3 24. Rxd3 cxd3 25. Qb1 Qc4 26. f3 Qxc3 27. Rc1 Qxb4 28. Qxb4 Nxb4 29. Rxc7 d2 30. Bxd2 Rxd2 31. Rxb7 Rd4 32. Rxf7 Kg6 33. Rf5 Nc6 34. g4 Rxa4 35. h4 Nd4 36. h5+ Kh7 37. Rf8 Ra3 38. Kg2 a5 39. f4 Rf3 40. f5 Rf4 41. Ra8 Nb3 42. Rb8 a4 43. Rb4 Nc5 44. Rc4 Nxe4 45. Rxa4 Rxg4+ 46. Kf3 Rf4+ 47. Ke3 Nc3 48. Rxf4 Nd5+ 49. Ke4 exf4 50. Kxd5 f3 51. f6 gxf6 52. Ke6 f2 0-1

[Event "Hessen-ch Gr-E 64th"]
[Site "Bad Vilbel"]
[Date "2010.04.03"]
[Round "3"]
[White "Dyga, Ryszard Adam"]
[Black "Willenbring, Jens Dirk"]
[Result "1/2-1/2"]
[WhiteElo "1604"]
[BlackElo "1350"]
[PlyCount "110"]
[EventDate "2010.03.31"]
[EventType "swiss"]
[EventRounds "5"]
[EventCountry "GER"]
[SourceTitle "EXT 2011"]
[Source "ChessBase"]
[SourceDate "2010.11.26"]
[SourceVersion "1"]
[SourceVersionDate "2010.11.26"]
[SourceQuality "1"]

1. e4 d6 2. d4 e6 3. Nf3 Nf6 4. Nc3 Nbd7 5. Bc4 Nb6 6. Bb3 d5 7. exd5 Nfxd5 8. Ne2 Be7 9. 0-0 0-0 10. c4 Nf6 11. Bg5 h6 12. Bh4 Ne4 13. Bxe7 Qxe7 14. Bc2 Nf6 15. b3 Nbd7 16. Ng3 b6 17. Re1 Qd8 18. Qd3 g6 19. Nh4 Qe8 20. Ne4 Nxe4 21. Qxe4 Rb8 22. Qe3 Kg7 23. d5 Nf6 24. Qc3 Qe7 25. Nf3 Rg8 26. Nd4 Bd7 27. Re2 c5 28. dxc6 Be8 29. b4 Qd6 30. b5 Rd8 31. Rd1 Qc7 32. Red2 Rd6 33. Nf3 Rxd2 34. Rxd2 a6 35. a4 axb5 36. cxb5 Qe7 37. Ne5 Kh7 38. Qd4 Nd5 39. Nc4 Bxc6 40. bxc6 Rc8 41. Nxb6 Rxc6 42. Nxd5 exd5 43. g3 Rd6 44. Bb3 f6 45. Qd3 d4 46. Re2 Qd7 47. Ra2 Rc6 48. Bc4 Qe7 49. Kg2 Qb7 50. f3 Qb4 51. Bb3 Rc3 52. Qb5 Qxb5 53. axb5 Rxb3 54. Ra7+ Kg8 55. Rb7 Rb2+ 1/2-1/2

[Event "Hessen-ch Gr-E 64th"]
[Site "Bad Vilbel"]
[Date "2010.04.03"]
[Round "4"]
[White "Willenbring, Jens Dirk"]
[Black "Fuchs, Andreas"]
[Result "1/2-1/2"]
[WhiteElo "1350"]
[BlackElo "1495"]
[PlyCount "45"]
[EventDate "2010.03.31"]
[EventType "swiss"]
[EventRounds "5"]
[EventCountry "GER"]
[SourceTitle "EXT 2011"]
[Source "ChessBase"]
[SourceDate "2010.11.26"]
[SourceVersion "1"]
[SourceVersionDate "2010.11.26"]
[SourceQuality "1"]

1. d4 Nf6 2. Nf3 g6 3. Bf4 d6 4. h3 Bg7 5. e3 0-0 6. Bd3 c5 7. c3 cxd4 8. exd4 Bd7 9. Nbd2 Bc6 10. 0-0 Nbd7 11. Re1 Re8 12. Qb3 Qb6 13. Qc2 Qc7 14. Re2 Nb6 15. Rae1 Qd7 16. c4 e6 17. Ne4 Nxe4 18. Bxe4 Bxe4 19. Rxe4 Rac8 20. b3 f6 21. Qd2 d5 22. cxd5 exd5 23. Rxe8+ 1/2-1/2